000 00281nam a22001217a 4500
008 160523b xxu||||| |||| 00| 0 eng d
020 _a9780312487584
020 _a0312487584
041 _aeng
080 _a003.2
245 _aWriting first:
_cLaurie G. Kirszner;
942 _2udc
_cBK
999 _c2364
_d2364